10 Cas de Marketing (notice n° 1556459)
[ vue normale ]
| 000 -LEADER | |
|---|---|
| fixed length control field | 01364cam a2200289zu 4500 |
| 003 - CONTROL NUMBER IDENTIFIER | |
| control field | FRCYB88811877 |
| 005 - DATE AND TIME OF LATEST TRANSACTION | |
| control field | 20251020124131.0 |
| 008 - FIXED-LENGTH DATA ELEMENTS--GENERAL INFORMATION | |
| fixed length control field | 251020s2013 fr | o|||||0|0|||fre d |
| 020 ## - INTERNATIONAL STANDARD BOOK NUMBER | |
| International Standard Book Number | 9782100588169 |
| 035 ## - SYSTEM CONTROL NUMBER | |
| System control number | FRCYB88811877 |
| 040 ## - CATALOGING SOURCE | |
| Original cataloging agency | FR-PaCSA |
| Language of cataloging | fr |
| Transcribing agency | |
| Description conventions | rda |
| 100 1# - MAIN ENTRY--PERSONAL NAME | |
| Personal name | Garcia, Claire |
| 245 01 - TITLE STATEMENT | |
| Title | 10 Cas de Marketing |
| Remainder of title | Etudes de cas d'entreprises avec corrigés détaillés |
| Statement of responsibility, etc. | ['Garcia, Claire', 'Martinez, Jean-Louis '] |
| 264 #1 - PRODUCTION, PUBLICATION, DISTRIBUTION, MANUFACTURE, AND COPYRIGHT NOTICE | |
| Name of producer, publisher, distributor, manufacturer | Dunod |
| Date of production, publication, distribution, manufacture, or copyright notice | 2013 |
| 300 ## - PHYSICAL DESCRIPTION | |
| Extent | p. |
| 336 ## - CONTENT TYPE | |
| Content type code | txt |
| Source | rdacontent |
| 337 ## - MEDIA TYPE | |
| Media type code | c |
| Source | rdamdedia |
| 338 ## - CARRIER TYPE | |
| Carrier type code | c |
| Source | rdacarrier |
| 520 ## - SUMMARY, ETC. | |
| Summary, etc. | Cet ouvrage propose une dizaine de cas marketing réels dans des secteurs d'activité divers, en B to B et en B to C. Ces études sont réalisées en collaboration avec les entreprises. Chaque étude présente l'environnement de l'entreprise, la problématique et les informations nécessaires qui permettent d'envisager une ou plusieurs solutions. Solutions qui sont ensuite proposées en fin de chaque cas. Des pistes complémentaires pourront être mises en ligne à destination des professeurs |
| 650 #0 - SUBJECT ADDED ENTRY--TOPICAL TERM | |
| Topical term or geographic name entry element | |
| 700 0# - ADDED ENTRY--PERSONAL NAME | |
| Personal name | Garcia, Claire |
| 700 0# - ADDED ENTRY--PERSONAL NAME | |
| Personal name | Martinez, Jean-Louis |
| 856 40 - ELECTRONIC LOCATION AND ACCESS | |
| Access method | Cyberlibris |
| Uniform Resource Identifier | <a href="https://international.scholarvox.com/netsen/book/88811877">https://international.scholarvox.com/netsen/book/88811877</a> |
| Electronic format type | text/html |
| Host name | |
Pas d'exemplaire disponible.




Réseaux sociaux